Photoshop CS6 : (Record no. 21245)

MARC details
000 -LEADER
fixed length control field 01168cam a22003255a 4500
001 - CONTROL NUMBER
control field 10818186
005 - DATE AND TIME OF LATEST TRANSACTION
control field 20160225120442.0
008 - FIXED-LENGTH DATA ELEMENTS--GENERAL INFORMATION
fixed length control field 120712s2012 caua fr 001 0 eng d
020 ## - INTERNATIONAL STANDARD BOOK NUMBER
Cancelled/invalid ISBN 9781449316150
040 ## - CATALOGING SOURCE
Original cataloging agency UMI
Language of cataloging eng
Transcribing agency UMI
Modifying agency EG-ScBUE
082 04 - DEWEY DECIMAL CLASSIFICATION NUMBER
Edition number 22
Classification number 006.686
Item number SNI
100 1# - MAIN ENTRY--PERSONAL NAME
Personal name Snider, Lesa.
9 (RLIN) 39438
245 10 - TITLE STATEMENT
Title Photoshop CS6 :
Remainder of title the missing manual /
Statement of responsibility, etc Lesa Snider ; forward by David Pogue.
246 3# - VARYING FORM OF TITLE
Title proper/short title Photoshop CS 6
246 3# - VARYING FORM OF TITLE
Title proper/short title Photoshop Creative Suite 6
246 3# - VARYING FORM OF TITLE
Title proper/short title Photoshop Creative Suite Six
250 ## - EDITION STATEMENT
Edition statement 1st ed.
260 ## - PUBLICATION, DISTRIBUTION, ETC. (IMPRINT)
Place of publication, distribution, etc Sebastopol :
Name of publisher, distributor, etc Pogue Press / O'Reilly,
Date of publication, distribution, etc 2012.
300 ## - PHYSICAL DESCRIPTION
Extent xxii, 862 p. :
Other physical details ill. ;
Dimensions 24 cm.
500 ## - GENERAL NOTE
General note Includes index.
630 07 - SUBJECT ADDED ENTRY--UNIFORM TITLE
Uniform title Adobe Photoshop.
9 (RLIN) 37025
650 #7 - SUBJECT ADDED ENTRY--TOPICAL TERM
Topical term or geographic name as entry element Image processing
General subdivision Digital techniques.
Source of heading or term BUEsh
9 (RLIN) 4647
650 #7 - SUBJECT ADDED ENTRY--TOPICAL TERM
Topical term or geographic name as entry element Photography
General subdivision Digital techniques.
Source of heading or term BUEsh
9 (RLIN) 37027
651 ## - SUBJECT ADDED ENTRY--GEOGRAPHIC NAME
Source of heading or term BUEsh
653 ## - INDEX TERM--UNCONTROLLED
Resource For college Informatics and Computer Science
Arrived date list February2016
700 1# - ADDED ENTRY--PERSONAL NAME
Personal name Pogue, David,
Relator term author of introduction, etc.
710 2# - ADDED ENTRY--CORPORATE NAME
Corporate name or jurisdiction name as entry element Safari Tech Books Online.
776 08 - ADDITIONAL PHYSICAL FORM ENTRY
Display text Print version:
Main entry heading Snider, Lesa.
Title Photoshop CS6.
Edition 1st ed.
Place, publisher, and date of publication Sebastopol, CA : O'Reilly Media, 2012
International Standard Book Number 9781449316150
Record control number (OCoLC)773668205
942 ## - ADDED ENTRY ELEMENTS (KOHA)
Source of classification or shelving scheme Dewey Decimal Classification
Holdings
Withdrawn status Item status Source of classification or shelving scheme Damaged status Not for loan Vendor Home library Current library Shelving location Date acquired Source of acquisition Cost, normal purchase price Total Checkouts Total Renewals Full call number Barcode Date last seen Date last borrowed Cost, replacement price Koha item type
    Dewey Decimal Classification     Academic Bookshop Central Library Central Library Lower Floor 25/02/2016 Purchase 405.00 2 1 006.686 SNI 000031729 15/07/2025 19/03/2017 506.25 Book - Borrowing